| 000 | 00750nam a22002177a 4500 | ||
|---|---|---|---|
| 005 | 20251212124357.0 | ||
| 010 | _aENG-147336 | ||
| 020 |
_a9789385839368 _c695.00 |
||
| 035 | _aEN-130868 | ||
| 037 | _bDBAD/PUB | ||
| 082 |
_a320.60954162 _21 |
||
| 245 |
_aPolitics of Identity and Assertion of Tea Communities in Assam / _cEdited By Rudraman Thapa [and] Pushpa Chanpia |
||
| 250 | _a1 | ||
| 260 |
_aGuwahati _bDVS Publishers _c2020 |
||
| 270 |
_aH.B. Road Panbazar _bGuwahati _e781001 _k2638295 _l0361-2511789 _mdvspub@gmail.com |
||
| 300 |
_axiv, 202p. _c22cm(Hb) |
||
| 500 | _aIncludes index | ||
| 700 |
_aThapa, Rudraman _eEditor _986079 |
||
| 700 |
_aChanpia, Pushpa _eEditor _986080 |
||
| 942 |
_2ddc _cEN _mPOL _h320.60954162 |
||
| 999 |
_c213918 _d213918 |
||